[Event "BCF-ch U12"]
[Site "Llandudno"]
[Date "2017.08.03"]
[Round "5"]
[White "Ercsei, Iolanda Elisabeta"]
[Black "Balouka Myers, Raphael"]
[Result "1-0"]
[WhiteElo "1266"]
[BlackElo "1414"]
[PlyCount "79"]
[EventDate "2017.07.30"]
[EventType "swiss"]
[EventRounds "7"]
[EventCountry "WLS"]
[SourceTitle "CBM 179 Extra"]
[Source "ChessBase"]
[SourceDate "2017.08.23"]
[SourceVersion "1"]
[SourceVersionDate "2017.08.23"]
[SourceQuality "1"]

1. d4 Nf6 2. Bf4 g6 3. Nc3 Bg7 4. e4 d6 5. Nf3 Nh5 6. Be3 0-0 7. h3 e5 8. dxe5 dxe5 9. Qxd8 Rxd8 10. Nb5 Rd7 11. Nxa7 Nc6 12. Nxc6 bxc6 13. Bc4 Ba6 14. Bxa6 Rxa6 15. 0-0 Nf4 16. g3 Ne6 17. a3 h6 18. Ne1 g5 19. Nd3 Ra8 20. Nb4 Rd6 21. Rfd1 Rad8 22. Rxd6 Rxd6 23. a4 Nd4 24. a5 c5 25. a6 Rd8 26. Bxd4 exd4 27. Nc6 Ra8 28. a7 Kf8 29. Ra5 c4 30. Rb5 Kg8 31. Rb8+ Kh7 32. Rxa8 d3 33. cxd3 cxd3 34. Rd8 Bxb2 35. Rxd3 Bf6 36. a8Q Bg7 37. Ne7 h5 38. Qg8+ Kh6 39. Nf5+ Kg6 40. Qxg7# 1-0

[Event "BCF-ch U12"]
[Site "Llandudno"]
[Date "2017.08.01"]
[Round "3"]
[White "Ercsei, Iolanda Elisabeta"]
[Black "Postans, Harrison"]
[Result "1-0"]
[WhiteElo "1266"]
[BlackElo "1405"]
[PlyCount "63"]
[EventDate "2017.07.30"]
[EventType "swiss"]
[EventRounds "7"]
[EventCountry "WLS"]
[SourceTitle "CBM 179 Extra"]
[Source "ChessBase"]
[SourceDate "2017.08.23"]
[SourceVersion "1"]
[SourceVersionDate "2017.08.23"]
[SourceQuality "1"]

1. d4 d5 2. Bf4 Nf6 3. Nf3 Bf5 4. e3 Nbd7 5. Nbd2 e6 6. c4 c6 7. Qb3 b6 8. Rc1 c5 9. Ne5 Nxe5 10. Bxe5 Be7 11. cxd5 Qxd5 12. Qa4+ Kd8 13. f3 Bg6 14. Bb5 Rc8 15. Qxa7 Nd7 16. e4 Ra8 17. Qc7+ Ke8 18. exd5 Rd8 19. d6 Bg5 20. f4 Bh4+ 21. g3 Bf6 22. Bxf6 gxf6 23. dxc5 h5 24. c6 h4 25. cxd7+ Kf8 26. Qxd8+ Kg7 27. Qxh8+ Kxh8 28. d8Q+ Kg7 29. Rc8 Kh6 30. Qh8+ Bh7 31. Qxf6+ Kh5 32. Be2# 1-0

[Event "BCF-chT2 1617 (4NCL) Promotion pool"]
[Site "England"]
[Date "2017.04.30"]
[Round "10.38"]
[White "Phillips, David"]
[Black "Ercsei, Iolanda Elisabeta"]
[Result "1-0"]
[WhiteElo "1834"]
[BlackElo "1269"]
[PlyCount "63"]
[EventDate "2016.11.19"]
[EventType "team-tourn"]
[EventRounds "11"]
[EventCountry "ENG"]
[SourceTitle "EXT 2019"]
[Source "ChessBase"]
[SourceDate "2018.10.10"]
[SourceVersion "1"]
[SourceVersionDate "2018.10.10"]
[SourceQuality "1"]
[WhiteTeam "Warwicks Select"]
[BlackTeam "Grantham Sharks II"]
[WhiteTeamCountry "ENG"]
[BlackTeamCountry "ENG"]

1. d4 g6 2. Bf4 Bg7 3. e4 d6 4. c3 Nf6 5. Nd2 0-0 6. Be2 b6 7. Bf3 c6 8. h4 h5 9. Qe2 a5 10. Qe3 Kh7 11. Nh3 Bxh3 12. Rxh3 Nbd7 13. Qe2 e5 14. dxe5 Nxe5 15. Bxe5 dxe5 16. 0-0-0 Bh6 17. Kc2 Qc7 18. g4 Qc8 19. Rg3 Bf4 20. Rg2 Qa6 21. Qxa6 Rxa6 22. g5 Ne8 23. Be2 b5 24. a4 Nc7 25. Nb3 Ra7 26. Nc5 bxa4 27. Nxa4 Nb5 28. Rd3 Raa8 29. Rg1 Rad8 30. Rgd1 Nc7 31. Rxd8 Rxd8 32. Rxd8 1-0

[Event "ROM-ch U08 Girls"]
[Site "Calimanesti"]
[Date "2013.04.06"]
[Round "7"]
[White "Ercsei, Iolanda Elisabeta"]
[Black "Matasaru, Stephanie"]
[Result "0-1"]
[WhiteElo "1024"]
[BlackElo "1103"]
[PlyCount "62"]
[EventDate "2013.04.02"]
[EventType "swiss"]
[EventRounds "9"]
[EventCountry "ROU"]
[SourceTitle "CBM 153 Extra"]
[Source "ChessBase"]
[SourceDate "2013.04.22"]
[SourceVersion "1"]
[SourceVersionDate "2013.04.22"]
[SourceQuality "1"]

1. e4 e5 2. g3 Nf6 3. Nc3 Nc6 4. Bg2 g6 5. Nf3 Bg7 6. 0-0 0-0 7. d3 h6 8. Be3 Kh7 9. d4 Qe7 10. Qd2 Ng4 11. Nd5 Qd8 12. h3 Nxe3 13. Qxe3 exd4 14. Qd3 Rb8 15. Rfe1 d6 16. b4 b5 17. a4 a6 18. axb5 axb5 19. Nh4 Be6 20. f4 Bxd5 21. exd5 Nxb4 22. Qb3 c5 23. dxc6 d3 24. Qxb4 Bxa1 25. Rxa1 Rg8 26. Qc3 Rc8 27. Ra7 Qb6+ 28. Kh2 Qxa7 29. cxd3 Rge8 30. Nf3 Qf2 31. Qb3 Kg8 0-1

[Event "ROM-ch U08 Girls"]
[Site "Calimanesti"]
[Date "2013.04.03"]
[Round "3"]
[White "Ercsei, Iolanda Elisabeta"]
[Black "Stan, Luciana Gabriela"]
[Result "0-1"]
[WhiteElo "1024"]
[BlackElo "1037"]
[PlyCount "85"]
[EventDate "2013.04.02"]
[EventType "swiss"]
[EventRounds "9"]
[EventCountry "ROU"]
[SourceTitle "CBM 153 Extra"]
[Source "ChessBase"]
[SourceDate "2013.04.22"]
[SourceVersion "1"]
[SourceVersionDate "2013.04.22"]
[SourceQuality "1"]

1. e4 c6 2. f4 d5 3. exd5 cxd5 4. Nf3 Bf5 5. Bb5+ Nc6 6. 0-0 e6 7. d4 a6 8. Bd3 Bg6 9. Ne5 Nxd4 10. Bxg6 hxg6 11. Qxd4 Qh4 12. h3 Qd8 13. Nc3 Qc7 14. Bd2 Bc5 15. Nf3 Bxd4+ 16. Nxd4 Nf6 17. Rae1 0-0 18. Rf3 Qb6 19. Be3 Qxb2 20. Bf2 Rac8 21. Ree3 Rc4 22. Nde2 d4 23. Rd3 dxc3 24. Nxc3 Rfc8 25. Bd4 Qb4 26. Be5 Ne4 27. Nxe4 Rxe4 28. Bd6 Qb1+ 29. Kh2 Rxc2 30. Be5 Ree2 31. Rg3 Qxa2 32. Rd8+ Kh7 33. f5 Rxg2+ 34. Rxg2 Rxg2+ 35. Kh1 Rh2+ 36. Bxh2 gxf5 37. Rd1 b5 38. Rd2 Qc4 39. Be5 Qf1+ 40. Kh2 Qe1 41. Bc3 Qe3 42. Rc2 Qd3 43. Rc1 0-1